000
00235nam a22000977a 4500
008
230403b |||||||| |||| 00| 0 eng d
020
_a
9781569319000
100
_a
Kishimoto Masashi-Vol-1
_9
7663
245
_a
Naruto-1
260
_a
USA
_c
2021
999
_c
12238
_d
12238